[Event "Manavgat Turkey Cup"]
[Site "Manavgat"]
[Date "2016.01.31"]
[Round "2"]
[White "Caliskan, Berk Tudra"]
[Black "Gunes, Adem"]
[Result "1/2-1/2"]
[WhiteElo "1357"]
[BlackElo "1684"]
[PlyCount "111"]
[EventDate "2016.01.30"]
[EventType "swiss"]
[EventRounds "11"]
[EventCountry "TUR"]
[SourceTitle "CBM 170 Extra"]
[Source "ChessBase"]
[SourceDate "2016.02.25"]
[SourceVersion "1"]
[SourceVersionDate "2016.02.25"]
[SourceQuality "1"]

1. e4 c5 2. Nf3 Nc6 3. d4 cxd4 4. Nxd4 Nf6 5. Nc3 e5 6. Ndb5 d6 7. Nd5 Nxd5 8. Qxd5 a6 9. Nc3 Be6 10. Qd1 Rc8 11. Be3 Be7 12. Be2 0-0 13. 0-0 Qa5 14. Qd2 Rfd8 15. Rfd1 Kh8 16. a3 b5 17. Nd5 Qxd2 18. Rxd2 Bf8 19. Rad1 f6 20. f4 Kg8 21. c3 Bf7 22. Bg4 Rb8 23. Bb6 Rxb6 24. Nxb6 exf4 25. Nd5 g5 26. Nxf6+ Kg7 27. Nd5 h5 28. Bf5 Ne5 29. b3 g4 30. Kf2 Kh6 31. Nxf4 Be7 32. Ne6 Rc8 33. Rc2 Rc6 34. Nd4 Rc7 35. Be6 Bh4+ 36. g3 Bxe6 37. Nxe6 Rf7+ 38. Nf4 Be7 39. Ke3 Kg5 40. Rf2 Kh6 41. h3 gxh3 42. Nxh3 Ng4+ 43. Ke2 Nxf2 44. Nxf2 Kg6 45. Nd3 Kg5 46. Rh1 Rg7 47. Nf4 Kg4 48. Rg1 Rf7 49. Nd5 Bd8 50. Ne3+ Kg5 51. Nf5 Bc7 52. Rd1 Rf6 53. Rd5 Kg4 54. Rd4 Kg5 55. Rd5 Kg4 56. Rd4 1/2-1/2

[Event "Manavgat Turkey Cup"]
[Site "Manavgat"]
[Date "2016.01.31"]
[Round "3"]
[White "Yapici, Nazim"]
[Black "Caliskan, Berk Tudra"]
[Result "1-0"]
[WhiteElo "1691"]
[BlackElo "1357"]
[PlyCount "55"]
[EventDate "2016.01.30"]
[EventType "swiss"]
[EventRounds "11"]
[EventCountry "TUR"]
[SourceTitle "CBM 170 Extra"]
[Source "ChessBase"]
[SourceDate "2016.02.25"]
[SourceVersion "1"]
[SourceVersionDate "2016.02.25"]
[SourceQuality "1"]

1. e4 e5 2. Nf3 Nc6 3. Bb5 a6 4. Ba4 Nf6 5. 0-0 b5 6. Bb3 Be7 7. Re1 0-0 8. c3 Bb7 9. Bd5 d6 10. b4 Qd7 11. d3 Nd8 12. Bb3 Ne6 13. g3 c5 14. a3 Qc7 15. Nbd2 Rac8 16. Bb2 Qb6 17. a4 Ng4 18. Qe2 cxb4 19. cxb4 bxa4 20. Rxa4 Bc6 21. Nc4 Qb8 22. Rxa6 Qxb4 23. Rb6 Bb5 24. Nfd2 d5 25. Ba3 Nd4 26. Qxg4 Qc3 27. Rc1 Ne2+ 28. Kg2 1-0